Κατάλογος Βιβλιοθηκών Mediterranean College

Η Ανοικτή Πρόσβαση στα Ερευνητικά Δεδομένα ως Μοχλός για την Ανοικτή Επιστήμη (Record no. 9307)

MARC details
000 -LEADER
fixed length control field 01435cam a22001814a 4500
005 - ΗΜΕΡΟΜΗΝΙΑ ΚΑΙ ΩΡΑ ΤΕΛΕΥΤΑΙΑΣ ΕΝΗΜΕΡΩΣΗΣ
Πεδίο ελέγχου 20250605164358.0
008 - FIXED-LENGTH DATA ELEMENTS--GENERAL INFORMATION
Πεδίο ελέγχου σταθερού μήκους 250528s ||||||||||||||||||||||||d
035 ## - SYSTEM CONTROL NUMBER
System control number 24424
040 ## - ΠΗΓΗ ΚΑΤΑΛΟΓΟΓΡΑΦΗΣΗΣ
Φορέας πρωτότυπης καταλογογράφησης MC Athens Campus Library
Γλώσσα καταλογογράφησης Ελληνικά, Μοντέρνα (1453-)
Modifying agency MC Athens Campus Library
Κανόνες περιγραφικής καταλογογράφησης AACR2
245 1# - ΤΙΤΛΟΣ ΚΑΙ ΔΗΛΩΣΗ ΥΠΕΥΘΥΝΟΤΗΤΑΣ
Τίτλος Η Ανοικτή Πρόσβαση στα Ερευνητικά Δεδομένα ως Μοχλός για την Ανοικτή Επιστήμη
260 ## - PUBLICATION, DISTRIBUTION, ETC.
Name of publisher, distributor, etc. Καινοτομία Έρευνα Και Τεχνολογία,
Date of publication, distribution, etc. 2014
300 ## - PHYSICAL DESCRIPTION
Extent 32
520 ## - SUMMARY, ETC.
Summary, etc. Το Enterprise Europe Network-Hellas Υποστηρίζει με Νέες Υπηρεσίες τις Ελληνικές Επιχειρήσεις, Νέα Μελέτη του ΕΚΤ για τις Ελληνικές Επιστημονικές Δημοσιεύσεις σε Διεθνή Περιοδικά 1998-2012, Βασικοί Δείκτες Έρευνας και Ανάπτυξης για Δαπάνες και Προσωπικό το 2013 στην Ελλάδα, Το Crowdfunding ως Ενναλακτική Μορφή Χρηματοδότησης Επιχειρηματικών Προτάσεων και Καινοτόμων Έργων, Ψηφιακό Μουσικό Ανθολόγια Ευτέρπη: Μια Διαδικτυακή Συλλογή Τραγουδιών για Εκπαιδευτική Χρήση.
700 1# - ΠΡΟΣΘΕΤΗ ΑΝΑΓΡΑΦΗ--ΦΥΣΙΚΟ ΠΡΟΣΩΠΟ
Personal name Σαχίνη Εύη
9 (RLIN) 9352
942 ## - ADDED ENTRY ELEMENTS (KOHA)
Koha item type Περιοδικά Δημοσιεύματα
Holdings
Τύπος τεκμηρίου Βιβλιοθήκη Τρέχουσα τοποθεσία Barcode Ημερομηνία απόκτησης Ταξιθετικό σύμβολο Αριθμός αντιτύπου Κατάσταση απόσυρσης Κατάσταση χαμένου Κατάσταση κατεστραμμένου Μη δανεισμός Σύνολο δανεισμών Ημερομηνία τελευταίας εμφάνισης Η τιμή ισχύει από
Περιοδικά Δημοσιεύματα MC Athens Campus Library MC Athens Campus Library 9780000093066 05/06/2025 ΚΑΙΝΟΤΟΜΙΑ ΑΝΑΠΤΥΞΗ 1           05/06/2025 05/06/2025

MC Athens Campus Library
Πατησίων 94 & Κοδριγκτώνος 13, 104 34
Πελλήνης 8 & Πατησίων 107, 112 51
Τ: +30 210 8899600

MC Thessaloniki Campus Library
Ίωνος Δραγούμη 21, 54625 | Ίωνος Δραγούμη 15, 54625
Τ: +30 2310 287779 – Τ: +30 2314 440300